=LDR 00000nam 2200000 4500 =001 NUTBA000000000001096 =005 20140412104719.0 =006 =007 =008 =035 ##$$a 0010-041400000000366 =082 ##$$a 371.3 =100 ##$$a acep yonny =245 ##$$a cara cerdas membangkitkan semangat belajar siswa =260 ##$$a yogyakarta $b citra aji parama $c 2012 =300 ##$$a v, 148, hlm $b ilus $c 23 cm =990 ##$$a 93503/BPAP-NTB/2014